| 000 | 00755nam a22001337a 4500 | ||
|---|---|---|---|
| 040 | _cRUA | ||
| 082 | _aVEM LAY 2020 B1-526 Or. | ||
| 100 | _aLAY DAVIN,ឡាយ ដាវីន | ||
| 245 | _aCASE OF ANTIMICROBIAL RESISTANCE PROFILE OF SALMONELLA SPP. ON BROILER IN YI YORN FARM AT ANGSNUOL DISTRICT, KANDAL PROVINCE,ករណី SALMONELLA SPP.ស៊ាំនឹងឱសថអង់ទីប្យូទិចលើមាន់សាច់ នៅកសិដ្ឋាន យី យ៉ន ស្រុកអង្គស្នួល ខេត្តកណ្តាល | ||
| 260 |
_aphnom penh _brua _c2020 |
||
| 300 |
_aix.33p. _bill. _c29cm. |
||
| 856 | _uhttps://drive.google.com/file/d/1GfpeXsGBrR-4z1Dvxtk31wnsUCceGWeU/view?usp=sharing | ||
| 942 | _cVEM | ||
| 999 |
_c23105 _d23105 |
||